000 00347nam a2200145Ia 4500
005 20250410024130.0
008 240331s9999 xx 000 0 und d
082 _a149
_bVEN
100 _aVenkatraman, K
245 0 _aPinnaveenathuvam
260 _aThanchavur
_bThamilar kannodam
_c1997
300 _a42 p .,
650 _aPost modernism
942 _cL
999 _c740
_d740